000 00806npm a2200205 4500
001 5120
003 ES-MaACL
005 20230909110036.0
007 hzrazu bucu
008 891024s1989 sp b 00010 spa d
110 2 _aAteneo de Madrid.
_91875
245 1 0 _aOficios
_b: [Microforma].
260 _aMadrid :
_bAteneo Cientifico, Literario y Artistico,
_c1989.
300 _a6 microfichas :
_bnegativo.
500 _aOficios del Ateneo n. 1 a 432.
505 8 _aMicroficha n. 1: Oficios n. 1 a 89 -- Microficha n. 2: Oficios n. 90 a 180 -- Microficha n. 3: Oficios n. 181 a 269 -- Microficha n. 4: Oficios n. 270 a 366 -- Microficha n. 5: Oficios n. 367 a 429 -- Microficha n. 6: Oficios n. 430 a 432
852 _aES-MaACL
_jMCF-6
_95237
942 _2udc
_cMICROFORMA
999 _c5120
_d5120